000 01057nam a2200313 a 4500
001 000111664
003 CHAP
005 20220329144224.0
008 150625s2015 mx a fsm |||||||spa d
010 _a108125
011 _a109097
040 _cCHAP
090 _aTesis
100 1 _aRamírez Morales, David
_9129596
245 1 0 _aInstrumentación y automatización de biorreactores de digestión anaerobica
_h[En línea]
_cpor David Ramírez Morales.
260 _aChapingo, Méx. :
_bEl autor,
_c2015.
500 _aPara ver el contenido del material haga clic en la liga
502 _aTesis (Ing. Agroindustrial) -- UACH. Departamento de Ingeniería Agroindustrial
590 _aE5995AHE
_b05
_c20150625
_lUCH01
_h1044
590 _aE5995AHE
_b05
_c20150625
_lUCH01
_h1047
650 1 4 _aAutomatización.
_98413
650 1 4 _aBiogas.
_912740
650 1 4 _aBioreactores.
_9157567
650 1 4 _aDigestores.
_932569
856 _aFinding aid
_uhttp://10.13.5.2/tesis/sist111664.pdf
_zTeclea aquí
901 _aBK
942 _cTESIS
942 _n0
999 _c108125
_d108125